000 00413nam a2200193Ia 4500
005 20250603144740.0
008 250603s9999 xx 000 0 und d
020 _a0273687646
050 _aKM 500 .E4/
100 _aElliott, Carherine
245 0 _aCriminal law
250 _a5th ed.
260 _aHarlow
260 _bPearson
260 _c2004
300 _a435 p
650 _aHarlow
942 _cBK
999 _c39838
_d39838